| 000 | 01061cam a22002771 4500 | ||
|---|---|---|---|
| 001 | e 44000050 | ||
| 003 | DLC | ||
| 005 | 20260227111232.0 | ||
| 008 | 881107s1944 kyu s000 0 eng c | ||
| 010 | _ae 44000050 | ||
| 035 | _a(OCoLC)18717856 | ||
| 040 |
_aU.S. Off. of Educ. Library _cMsU _dMsU _dDLC |
||
| 042 | _apremarc | ||
| 050 | 0 | 0 |
_aL152 _b.B35 Vol. 12, No. 4 |
| 082 | _a371.3 | ||
| 110 | 1 |
_aKentucky. _bDivision of Teacher Education and Certification. |
|
| 245 | 1 | 0 | _aGetting the school under way ... |
| 260 |
_a[Frankfort] _bDept. of Education, _c1944. |
||
| 300 |
_a[95]-125 p. _c23 cm. |
||
| 490 | 0 |
_aKentucky. Dept. of Education. Educational bulletin ... _vvol. XII, no. 4 |
|
| 500 | _aAt head of title: Commonwealth of Kentucky. | ||
| 500 | _a"This bulletin was prepared in the Division of Teacher Education and Certification, with assistance from the Division of Negro Education."--Foreword. | ||
| 650 | 0 | _aTeaching. | |
| 650 | 0 |
_aEducation _zKentucky. |
|
| 710 | 1 |
_aKentucky. _bDepartment of Education. _bDivision of Negro Education. |
|
| 999 |
_c21968 _d21968 |
||